000 00388nam a2200145Ia 4500
008 220217s9999||||xx |||||||||||||| ||und||
020 _a9788122415223
082 _a426 KOT
100 _aKothari, C R
_91323
245 0 _aResearch Methodology
250 _a2
260 _aNew aga international
_bNew Delhi
_c2011
300 _axvi;401
_b200
650 _aENGLISH GENERAL BOOKS
_9691
999 _c183030
_d183030